| 000 | 01092nam a2200313 i 4500 | ||
|---|---|---|---|
| 005 | 20220317001748.0 | ||
| 007 | ta | ||
| 008 | 210825s19942015ck er 000 0dspa d | ||
| 020 | _a9789588794532 | ||
| 040 |
_aCO-BoRNBP _bspa _erda _cCO-BoRNBP |
||
| 041 | 0 | _aspa | |
| 082 | 0 | 4 |
_a070.44 _bH69s _223 |
| 100 | 1 |
_aHoyos, Juan José _d1953- _eautor |
|
| 245 | 1 | 0 |
_aSentir que es un soplo la vida _cJuan José Hoyos |
| 250 |
_aSegunda edición _bPrimera reimpresión |
||
| 264 | 1 |
_aMedellín _bSílaba Editores _c1994 _c2015 |
|
| 300 |
_a396 páginas _c24 cm |
||
| 336 |
_atexto _btxt _2rdacontent |
||
| 337 |
_asin mediación _bn _2rdamedia |
||
| 338 |
_avolumen _bnc _2rdacarrier |
||
| 490 | 0 |
_aSílabas de tínta _pPeriodismo |
|
| 521 | _aRecomendado para un público adulto | ||
| 545 | _aIncluye datos biográficos del autor en solapa | ||
| 650 | 1 | 7 |
_aCrónicas colombianas _2ARMARC |
| 650 | 1 | 7 |
_aVida cotidiana _vCrónicas periodísticas _2ARMARC |
| 650 | 1 | 7 |
_aCrónicas periodísticas _zColombia _2ARMARC |
| 651 | 4 |
_aAntioquía (Colombia) _xDescripciones y viajes _9184694 |
|
| 942 |
_2ddc _cBK |
||
| 999 |
_c8010 _d8010 |
||